Представление документа в формате RUSMARC

ПолеНазваниеЗначение
  Тип записи c
  Библиографический уровень m
001 Контрольный номер RU/УОНБ/EK_N/580051913
005 Дата корректировки 20260131105000.6
010 Индекс ISBN __
9 Тираж 20730 экз.
013 Номер (ISMN) __
d Цена 80 к.
071 Издательские номер (звукозапись и ноты) 21
a Номер, присвоенный агентством 1525
100 Данные общей обработки __
a Данные общей обработки 20180519d1988 e y0rusy0189 ca
101 Язык документа 0_
a Язык текста rus
f Язык титульного листа rus
102 Страна публикации __
a Страна публикации RU
125 Кодированные данные звукозаписи и нотных изданий __
a Форма изложения нотного текста с|
128 Кодированные данные (звукозаписи-физические характеристики) __
a Кодированные данные: Музыкальная форма и тональность или лад ccn
b Инструменты или голоса, необходимые для ансамблей (устаревшее) cu||
c Инструменты или голоса, рекомендуемые для солистов (устаревшее) vu||
200 Заглавие и сведения об ответственности 1_
a Заглавие Вып. 3
210 Выходные данные 1_
d Дата издания 1988
215 Физическое описание __
a Объем 54 с.
327 Примечание о содержании 11
a Примечание о содержании Содерж.: Адлер Е. Шар земной - это наш дом / сл. В. Семернина. Плешак В. Природа, природа... / сл. М. Дахие. Дубравин Я. Старшеклассники - ровесники / сл. М. Садовского. Леонидов М. и Фоменко Н. Дай мне тепло твоих ладоней : из репертуара бит-квартета "Секрет" / сл. М. Леонидова и Н. Фоменко. Леонидов М. Именины у Кристины : из репертуара бит-квартета "Секрет" / сл. Д. Рубина. Стецюк Е. Кораблик / сл. А. Житинского. Дольский А. Удивительный вальс / сл. А. Дольского ; обраб. С. Грибкова. Минков М. Спасибо, музыка! : из кф. "Мы из джаза" / обраб. С. Грибкова ; сл. Д. Иванова. Севастьянов В. Бумажный самолетик / сл. А. Римицана. Резников В. Ленивый гном / сл. В. Резникова. Рушанский Е. Про четыре ноги / сл. Л. Керна ; пересказ Б. Заходера. Раздолина З. Песня о мире и счастье / сл. В. Гина
461 Уровень набора _0
1 2001
a Когда тебе 16...
e лирические песни для старшеклассников
e для голоса (ансамбля) в сопровождении фортепиано (гитары)
f составитель С. Грибков
v Вып. 3
1 2101
a Ленинград
c Советский композитор
d 1984 -
1 001RU/УОНБ/EK_N/580050518
464 Аналитический уровень _0
1 036
t Станем в круг...
1 700 1
a Адлер
b Е.
1 702 1
a Семернин
b Е.
4 520
1 2001
a Шар земной - это наш дом
464 Аналитический уровень _0
1 036
t Вы знаете счастье окно отворить...
1 700 1
a Плешак
b В.
1 702 1
a Дахие
b М.
4 520
1 2001
a Природа, природа...
464 Аналитический уровень _0
1 036
t Сколько лет мы не просто знакомы...
1 700 1
a Дубравин
b Я.
1 702 1
a Садовский
b М.
4 520
1 2001
a Старшеклассники - ровесники
464 Аналитический уровень _0
1 036
t Распахните ваши окна ветру свободы!..
1 700 1
a Леонидов
b М.
1 701 1
a Фоменко
b Н.
1 702 1
a Леонидов
b М.
4 520
1 702 1
a Фоменко
b Н.
4 520
1 2001
a Дай мне тепло твоих ладоней
e из репертуара бит-квартета "Секрет"
1 50010
a Секрет
464 Аналитический уровень _0
1 036
t Раз в год именины у Кристины...
1 700 1
a Леонидов
b М.
1 702 1
a Рубин
b Д.
4 520
1 2001
a Именины у Кристины
e из репертуара бит-квартета "Секрет"
1 50010
a Секрет
464 Аналитический уровень _0
1 036
t Серебряный кораблик над городом летит...
1 700 1
a Стецюк
b Е.
1 702 1
a Житинский
b А.
4 520
1 2001
a Кораблик
464 Аналитический уровень _0
1 036
t Удивительный вальс мне сыграл Ленинград...
1 700 1
a Дольский
b А.
1 702 1
a Дольский
b А.
4 520
1 702 1
a Грибков
b С.
4 030
1 2001
a Удивительный вальс
464 Аналитический уровень _0
1 036
t Я знала - это будет...
1 700 1
a Минков
b М.
1 702 1
a Грибков
b С.
4 030
1 702 1
a Иванов
b Д.
4 520
1 2001
a Спасибо, музыка!
e из кинофильма "Мы из джаза"
1 50010
a Мы из джаза
464 Аналитический уровень _0
1 036
t Из письма твоего я сложу самолет...
1 700 1
a Севастьянов
b В.
1 702 1
a Римицан
b А.
4 520
1 2001
a Бумажный самолетик
464 Аналитический уровень _0
1 036
t Жил-был в лесу одном ужасно странный гном...
1 700 1
a Резников
b В.
1 702 1
a Резников
b В.
4 520
1 2001
a Ленивый гном
464 Аналитический уровень _0
1 036
t Едва мы чуть-чуть обогнали мартышку...
1 700 1
a Рушанский
b Е.
1 702 1
a Керн
b Л.
4 520
1 702 1
a Заходер
b Б.
4 730
1 2001
a Про четыре ноги
464 Аналитический уровень _0
1 036
t Я еще живу на свете мало...
1 700 1
a Раздолина
b З.
1 702 1
a Гин
b В.
4 520
1 2001
a Песня о мире и счастье
606 Тематические рубрики 0_
a Основная рубрика Песни советских композиторов
x Основная подрубрика Лирические песни
x Основная подрубрика Юношеские песни
610 Ключевые слова 0_
a Ключевые слова песни советских композиторов; лирические песни; старший школьный возраст
686 Индексы других классификаций __
a Классификационный индекс 85.984.22(2)я43
2 Код системы rubbk
801 Источник записи _0
a Страна RU
b Организация Ульяновская ОНБ
c Дата составления 20180519
g Правила каталогизации RCR
801 Источник записи _1
a Страна RU
b Организация Ульяновская ОНБ
c Дата составления 20180519
g Правила каталогизации RCR
901 Тип документа __
t Тип документа n
w Контрольный № источника RU/УОНБ/EK_N/580050518
909 Создатель записи __
a Создатель записи Грязнова И. Е.
910 Корректоры записи __
a Корректор записи Никитина Т. А.
b Дата внесения изменения в запись 20260131
938 Служебная информация __
a Имя БД noti
b Имя библиотеки УОНБ
c Имя АИБС МАРК-SQL
d Номер DOC_ID в БД 18424